All Official ABBA Songs - Statistics

General Stats
  • This quiz has been taken 47 times
    45 since last reset
  • The average score is 94 of 180
Answer Stats
Answers % Correct
Waterloo
94%
Waterloo - Alternative Mix
94%
Waterloo - French Version
94%
Waterloo - German Version
94%
Waterloo - Swedish Version
94%
Dancing Queen
91%
Fernando
91%
Ring Ring
91%
Ring Ring - 1974 Remix (Single Version)
91%
Ring Ring (German Version)
91%
Ring Ring (Spanish Version)
91%
Ring Ring (Swedish Version)
91%
Ring, Ring - US Remix
91%
Super Trouper
91%
Mamma Mia
88%
Slipping Through My Fingers
88%
The Winner Takes It All
88%
Money, Money, Money
85%
SOS
85%
Voulez-Vous
85%
Chiquitita
82%
Does Your Mother Know
82%
Gimme! Gimme! Gimme! (A Man After Midnight)
82%
Honey, Honey
82%
Honey, Honey - Swedish Version
82%
Take A Chance On Me
82%
Knowing Me, Knowing You
79%
Lay All Your Love On Me
79%
Angeleyes
76%
Arrival
76%
Happy New Year
76%
I Have A Dream
76%
Thank You For The Music
76%
Thank You For The Music - Doris Day Mix
76%
The Name Of The Game
76%
When I Kissed The Teacher
76%
Head Over Heels
73%
One Of Us
73%
The Visitors
73%
Eagle
70%
I Do, I Do, I Do, I Do, I Do
70%
My Love, My Life
70%
The Day Before You Came
70%
When All Is Said And Done
70%
Andante, Andante
67%
I Still Have Faith In You
67%
Our Last Summer
67%
Summer Night City
67%
Why Did It Have To Be Me?
67%
Bang-A-Boomerang
64%
Don't Shut Me Down
64%
Keep An Eye On Dan
64%
Kisses Of Fire
64%
On And On And On
64%
People Need Love
64%
So Long
64%
That's Me
64%
Under Attack
64%
Bumblebee
61%
If It Wasn't For The Nights
61%
I'm A Marionette
61%
Just A Notion
61%
Little Things
61%
One Man, One Woman
61%
Sitting In The Palmtree
61%
The King Has Lost His Crown
61%
Tiger
61%
Dance (While The Music Still Goes On)
58%
Dum Dum Diddle
58%
Elaine
58%
Happy Hawaii
58%
I've Been Waiting For You
58%
Like An Angel Passing Through My Room
58%
Nina Pretty Ballerina
58%
Ode To Freedom
58%
Rock Me
58%
The Piper
58%
Another Town, Another Train
55%
As Good As New
55%
Disillusion
55%
Hasta Manana
55%
Hasta Manana - Spanish Version
55%
Hey, Hey Helen
55%
Hole In Your Soul
55%
I Am Just A Girl
55%
Intermezzo No. 1
55%
I Wonder (Departure)
55%
Love Isn't Easy (But It Sure Is Hard Enough)
55%
Lovers (Live A Little Longer)
55%
Me And I
55%
She's My Kind Of Girl
55%
The Way Old Friends Do
55%
He Is Your Brother
52%
I Can Be That Woman
52%
I Let The Music Speak
52%
I Saw It In The Mirror
52%
King Kong Song
52%
Lovelight
52%
Man In The Middle
52%
Medley: Pick A Bale Of Cotton
52%
Merry-Go-Round
52%
Move On
52%
Olle Olle/Rock 'N' Roll
52%
Put On Your White Sombrero
52%
Rock 'N' Roll Band
52%
Santa Rosa
52%
Soldiers
52%
Tropical Loveland
52%
Two For The Price Of One
52%
When You Danced With Me
52%
Cassandra
48%
Crazy World
48%
Gonna Sing You My Love Song
48%
I Am The City
48%
Me And Bobby And Bobby's Brother
48%
My Mama Said
48%
No Doubt About It
48%
Suzy-Hang-Around
48%
What About Livingstone
48%
Watch Out
45%
You Owe Me One
45%
Baby
42%
Dream World
42%
From A Twinkling Star To A Passing Angel - Demo Medley
42%
I Am An A
42%
Should I Laugh Or Cry
42%
Free As A Bumblebee
39%
Funky Feet
39%
Get On The Carousel
39%
Gypsy Girl
39%
Just Like That
39%
Rubber Ball Man
39%
To Live With You
39%
Under My Sun
39%
Burning My Bridges
36%
Crying Over You
36%
Every Good Man
36%
Giving A Little Bit More
36%
I'm Still Alive
36%
The Devil In Miss Jones
36%
When The Waves Roll Out To Sea
36%
Been And Gone And Done It
33%
Billy Boy
33%
I Want You
33%
Lady Bird
33%
Monsieur, Monsieur
33%
No Man's Land
33%
Ricky Rock 'N' Roller
33%
In The Arms Of Rosalita
30%
And The Wind Cries Mary
27%
Hit By A Train
27%
Memory Lane
27%
Sång till Görel
27%
The Story Of My Life
27%
Here Comes Rubie Jamie
24%
High On Your Love
24%
I Am That Woman
24%
Mountain Top
24%
Tivedshambo
24%
Yippee Yay/Love For Me Is Love Forever
24%
I Wrote A Song
21%
Scaramouche
21%
Tango
18%
A Funny, Funny Way
15%
I Believe In You
12%
Joanne
9%
Another Morning Without You
6%
I Can Do It
6%
Big John
3%
Golden Dreams And Golden Lies
3%
Hold Me Close
3%
Three Wise Guys
3%
Wer Im Wartesaal Der Liebe Steht
3%
En Hälsning Till Våra Parkarrangörer
0%
Hovas Vittne
0%
I Am A Musician
0%
Kålsupare
0%
Nämndöfjärden
0%
Sinking Deeper
0%
Twinkle Twinkle Little Star
0%
No matching quizzes found
Score Distribution
Percent of People with Each Score
Percentile by Number Answered
Your Score History
You have not taken this quiz since the last reset